Nền móng nhà cao tầng

Đã lưu trong:
书目详细资料
主要作者: Nguyễn Văn Quảng
格式: 图书
语言:Undetermined
出版: H. KHKT 2003
主题:
标签: 添加标签
没有标签, 成为第一个标记此记录!
Thư viện lưu trữ: Trung tâm Học liệu Trường Đại học Cần Thơ
LEADER 00517nam a2200193Ia 4500
001 CTU_60198
008 210402s9999 xx 000 0 und d
020 |b 26000 
082 |a 624.15 
082 |b Qu106 
100 |a Nguyễn Văn Quảng 
245 0 |a Nền móng nhà cao tầng 
245 0 |c Nguyễn Văn Quảng 
260 |a H. 
260 |b KHKT 
260 |c 2003 
650 |a underground engineering,foundations 
904 |i Minh 
980 |a Trung tâm Học liệu Trường Đại học Cần Thơ